[Event "SVK Extraliga 2017-18"]
[Site "Slovakia"]
[Date "2017.10.01"]
[Round "2"]
[White "Varga, Zoltan"]
[Black "Istona, Martin"]
[Result "1/2-1/2"]
[WhiteElo "2448"]
[BlackElo "2240"]
[Annotator "TA"]
[PlyCount "91"]
[EventDate "2017.09.30"]
[EventType "team-tourn"]
[EventCountry "SVK"]
[SourceTitle "playchess.com"]
[Source "ChessBase"]
[SourceQuality "1"]

{[%evp 21,91,0,0,0,0,0,12,10,0,0,0,0,0,0,10,25,17,10,21,0,0,0,20,12,8,12,14,7,27,26,28,31,67,79,74,53,53,53,53,53,54,53,59,1,2,0,0,0,0,0,0,0,0,0,0,0,4,0,4,4,4,-8,-8,-8,-8,-8,-8,-8,-8,-8,-8,-8]} 1. e4 c5 2. Nf3 d6 {[%cal Bd7d6,Bd6d5,Bd5d4][%mdl 32]} 3. d4 cxd4 4. Nxd4 Nf6 5. f3 e5 6. Nb3 d5 7. Bg5 {B55: Sicilian: 2...d6 3 d4 cxd4 4 Nxd4 Nf6 5 f3} d4 (7... Be6 8. Bxf6 gxf6 9. exd5 Qxd5 10. Qxd5 Bxd5 11. Nc3 Be6 12. O-O-O Nc6 13. Bb5 Rc8 14. Nd5 f5 15. Na5 Bh6+ 16. Kb1 Kf8 17. Nb3 Kg7 18. Rhe1 Rhd8 19. Nc3 Rxd1+ 20. Nxd1 {0-1 (56) Harikrishna,P (2758)-Giri,A (2769) Shenzhen 2017}) 8. c3 Nc6 9. Bb5 h6 10. Bh4 Qb6 11. Bxc6+ bxc6 {LiveBook: 8 Games} 12. cxd4 Ba6 $1 13. Bg3 Rd8 $146 ({Predecessor:} 13... Nd7 14. Bf2 Qb5 {1-0 (75) Varga,Z (2411)-Pinter,E (2379) Slovakia 2017}) 14. Bxe5 Nd7 15. Bf4 $1 Nc5 $1 {[%cal Rc5d3]} 16. Nxc5 Bxc5 17. Qb3 $1 Bxd4 {[%csl Gb6][%cal Rd4f2] [#]} 18. Qxb6 Bxb6 19. Nc3 f5 20. Rd1 Bd3 $1 21. h4 O-O 22. e5 Rfe8 23. Rd2 Bc4 24. Kd1 Rd4 25. Rxd4 Bxd4 26. Kc2 Bxc3 27. Kxc3 Bxa2 $14 {[%mdl 4096] Endgame KRB-KRB} 28. Ra1 Bd5 29. Rxa7 g5 30. hxg5 hxg5 31. Bxg5 {[#] Hoping for b4.} Rxe5 32. Bf6 ({White should try} 32. Re7 $14 Rxe7 33. Bxe7) 32... Re6 $1 $11 {[%cal Re6f6] The position is equal.} 33. Bd4 {Black must now prevent Rg7+.} (33. Bh4 {feels hotter.} Re2 34. Re7 Rxg2 35. Re5 Rh2 36. Bg5) 33... Rg6 $1 34. f4 Rxg2 35. Kb4 Rg6 36. Kc5 Be4 37. Be5 Bd5 38. b4 {aiming for b5.} Be4 39. Rc7 Kf8 40. Bd6+ Ke8 41. Rxc6 Bxc6 42. Kxc6 Rg1 43. Bc5 Rc1 44. Kd6 Re1 45. b5 Kd8 46. Bd4 {Precision: White = 72%, Black = 75%.} 1/2-1/2

[Event "SVK Extraliga 2017-18"]
[Site "Slovakia"]
[Date "2017.10.01"]
[Round "2"]
[White "Pacher, Milan"]
[Black "Jovanovic, Miroslav M"]
[Result "*"]
[WhiteElo "2443"]
[BlackElo "1935"]
[Annotator "TA"]
[PlyCount "28"]
[EventDate "2017.09.30"]
[EventType "team-tourn"]
[EventCountry "SVK"]
[SourceTitle "playchess.com"]
[Source "ChessBase"]
[SourceQuality "1"]

{[%evp 12,14,20,15,16]} 1. c4 Nf6 2. Nc3 e6 3. e4 d5 4. cxd5 exd5 5. e5 Ne4 6. Nf3 Bf5 {A18: English Opening: Flohr-Mikenas System (1 c4 Nf6 2 Nc3 e6 3 e4)} 7. Be2 {LiveBook: 11 Games} d4 {Predecessor:} 8. Nxe4 $146 Bxe4 9. Bc4 Bd5 10. Qb3 Bxc4 11. Qxc4 Nc6 12. O-O Qd7 13. d3 Qe6 14. Qxe6+ fxe6 {½-½ (35) Aronian,L (2799)-Ding,L (2777) Tbilisi 2017} *

[Event "SVK Extraliga 2017-18"]
[Site "Slovakia"]
[Date "2017.10.01"]
[Round "2"]
[White "Nayhebaver, Martin"]
[Black "Chovan, Milan"]
[Result "*"]
[WhiteElo "2437"]
[BlackElo "2292"]
[Annotator "TA"]
[PlyCount "31"]
[EventDate "2017.09.30"]
[EventType "team-tourn"]
[EventCountry "SVK"]
[SourceTitle "playchess.com"]
[Source "ChessBase"]
[SourceQuality "1"]

{[%evp 23,24,18,18]} 1. d4 Nf6 2. c4 e6 3. Nc3 Bb4 4. Qc2 c5 5. dxc5 O-O 6. a3 Bxc5 7. Nf3 b6 8. Bg5 Bb7 9. e3 Be7 10. Be2 {E39: Nimzoindisch (4.Dc2)} h6 11. Bh4 a6 12. O-O d6 {LiveBook: 14 Partien} {Vorgänger:} 13. Rfd1 $146 Qc7 14. Rac1 Nbd7 15. Nd2 Ne5 16. Bg3 {0-1 (48) Fodor,T (2490)-Banusz,T (2595) Hungary 2015} *

[Event "SVK Extraliga 2017-18"]
[Site "Slovakia"]
[Date "2017.10.01"]
[Round "2"]
[White "Krnan, Tomas"]
[Black "Babula, Vlastimil"]
[Result "1/2-1/2"]
[WhiteElo "2436"]
[BlackElo "2556"]
[Annotator "TA"]
[PlyCount "45"]
[EventDate "2017.09.30"]
[EventType "team-tourn"]
[EventCountry "SVK"]
[SourceTitle "playchess.com"]
[Source "ChessBase"]
[SourceQuality "1"]

{[%evp 15,45,0,0,-4,19,4,27,-20,-20,-20,27,9,10,0,0,-7,0,0,0,0,0,0,0,0,0,0,0,0,29,0,0,0]} 1. e4 c5 2. Nf3 e6 3. g3 Nc6 4. Bg2 d5 5. exd5 exd5 6. O-O Nf6 7. d4 Be7 8. c3 O-O 9. Be3 {B22: Sicilian: 2 c3} (9. dxc5 Bxc5 10. Bg5 Be6 11. Nbd2 h6 12. Nb3 Bb6 13. Bf4 Ne4 14. Nfd4 Qd7 15. Re1 Rad8 16. a4 Bh3 {1-0 (63) Rozentalis,E (2585)-Bejtovic,J (2393) Gothenburg 2012}) 9... cxd4 10. Nxd4 Bg4 11. Nxc6 {White has an edge.} bxc6 12. Qa4 Qc8 $146 ({Predecessor:} 12... Qd7 13. Nd2 Rfe8 14. b4 {½-½ (44) Compton,A (2076)-House,G (2275) England 2015}) 13. Re1 Bh3 14. Bg5 Bxg2 15. Kxg2 Re8 16. Nd2 h6 17. Bxf6 Bxf6 18. Nb3 Qb7 19. Rab1 Qb6 20. Nd4 Bxd4 21. cxd4 Rad8 22. Rxe8+ Rxe8 23. Rc1 1/2-1/2

[Event "SVK Extraliga 2017-18"]
[Site "Slovakia"]
[Date "2017.10.01"]
[Round "2"]
[White "Likavsky, Tomas"]
[Black "Plachetka, Jan"]
[Result "1-0"]
[WhiteElo "2430"]
[BlackElo "2337"]
[Annotator "TA"]
[PlyCount "65"]
[EventDate "2017.09.30"]
[EventType "team-tourn"]
[EventCountry "SVK"]
[SourceTitle "playchess.com"]
[Source "ChessBase"]
[SourceQuality "1"]

{[%evp 20,65,36,28,40,45,61,43,60,52,72,66,76,64,74,79,85,66,139,102,188,175,159,76,81,81,319,330,257,188,409,402,408,412,419,427,485,479,500,495,502,503,817,817,831,848,29978,29979]} 1. c4 c5 2. Nf3 Nc6 3. d4 cxd4 4. Nxd4 e6 5. Nc3 Nf6 6. a3 Bc5 7. Nb3 Be7 8. e4 O-O 9. Be2 b6 10. O-O Bb7 11. Be3 d6 {A33: Symmetrical English: 2 Nf3 Nf6 3 d4 cxd4 4 Nxd4 e6 5 Nc3 Nc6} 12. f4 Nb8 (12... Rc8 13. Rc1 Nb8 14. Qd3 a6 15. Nd4 Nc6 16. b4 Nxd4 17. Bxd4 Nd7 18. Qg3 Bf6 19. Rfd1 {1-0 (70) Adams,M (2751)-Hou,Y (2651) Caleta 2017}) 13. Bf3 {[#] Hoping for e5.} Nbd7 {White is slightly better.} 14. Nd2 Rc8 15. Qe2 {[#]} a6 $146 ({Predecessor:} 15... Qc7 16. Rac1 Qb8 17. g4 Ne8 18. g5 Nc7 19. Qg2 {1-0 (37) Stohl,I (2525)-Benjamin,J (2560) Novi Sad 1990}) 16. Rad1 Qc7 17. g4 h6 18. h4 g5 (18... Nh7 $1 $14) 19. fxg5 ({Much less strong is} 19. hxg5 hxg5 20. e5 Bxf3 $16) 19... hxg5 (19... Nh7 $16 {was necessary.}) 20. Bxg5 $18 Ne5 21. Qg2 (21. Bf4 $142) 21... Kh8 $16 22. Be2 Nfxg4 $2 (22... Nh7 $16) 23. Bxg4 $18 Rg8 24. Be2 f6 $2 (24... Bxg5 25. hxg5 Rxg5 26. Qxg5 Rg8) 25. Rxf6 Bxf6 26. Bxf6+ Kh7 27. Bg5 Nf7 28. Nf3 Rg6 29. Kf1 Rf8 30. Ke1 Nxg5 (30... Kg8 $142 31. Bd8 Rxg2 32. Bxc7 Bc6 33. Bxd6 Rc8) 31. Nxg5+ Kh8 32. Qg4 {[#] Strongly threatening Qh5+.} Qe7 33. Qh5+ {Precision: White = 72%, Black = 16%.} 1-0

[Event "SVK Extraliga 2017-18"]
[Site "Slovakia"]
[Date "2017.10.01"]
[Round "2"]
[White "Bukhtin, Vladimir S"]
[Black "Zetocha, Claudiu"]
[Result "*"]
[WhiteElo "2425"]
[BlackElo "2348"]
[Annotator "TA"]
[PlyCount "31"]
[EventDate "2017.09.30"]
[EventType "team-tourn"]
[EventCountry "SVK"]
[SourceTitle "playchess.com"]
[Source "ChessBase"]
[SourceQuality "1"]

{[%evp 12,13,8,7]} 1. e4 e6 2. d4 d5 3. exd5 exd5 4. Nf3 Bd6 5. c4 c6 6. Nc3 Nf6 7. Bd3 {Predecessor:} Qe7+ $146 8. Be3 dxc4 9. Bxc4 b5 10. Bb3 b4 11. Na4 Ng4 12. O-O Nxe3 13. fxe3 Qxe3+ 14. Kh1 O-O 15. Ne5 Bxe5 16. dxe5 {1-0 (25) Nikolenko,O (2503)-Bivol,A (2350) Moscow 2015} *

[Event "SVK Extraliga 2017-18"]
[Site "Slovakia"]
[Date "2017.10.01"]
[Round "2"]
[White "Manik, Mikulas"]
[Black "Zpevak, Pavel"]
[Result "1/2-1/2"]
[WhiteElo "2419"]
[BlackElo "2342"]
[Annotator "TA"]
[PlyCount "33"]
[EventDate "2017.09.30"]
[EventType "team-tourn"]
[EventCountry "SVK"]
[SourceTitle "playchess.com"]
[Source "ChessBase"]
[SourceQuality "1"]

{[%evp 14,33,48,20,19,0,0,-9,0,0,0,0,8,11,11,10,16,16,4,0,0,-12]} 1. e4 c5 2. Nf3 e6 3. c4 Nc6 4. Nc3 a6 5. d4 cxd4 6. Nxd4 Qc7 7. Be3 Nf6 8. Nxc6 {LiveBook: 4 Games. B41: Sicilian: Kan Variation: 5 c4} (8. a3 Be7 9. Be2 d6 10. O-O Bd7 11. Rc1 O-O 12. f3 Rac8 13. Na4 Ne5 14. b4 Rfe8 15. Qb3 Ng6 16. Kh1 e5 17. Nf5 Bxf5 18. exf5 Nf4 19. Qa2 {½-½ (19) Szabo,K (2547)-Mamedov,R (2636) Moscow 2012}) 8... dxc6 {The position is equal.} 9. g3 $146 ({Predecessor:} 9. Qb3 Bd6 10. g3 e5 11. f3 Be6 12. Bb6 Qe7 13. O-O-O Nd7 14. Na4 Nxb6 15. Qxb6 {0-1 (22) Szczurek,K (2070)-Karas,M (2273) Banska Stiavnica 2017}) 9... e5 10. f3 Nd7 11. Qd2 Bc5 12. Bh3 {[#] Strongly threatening Bxd7+.} O-O 13. Bxd7 Bxe3 14. Qxe3 {Black must now prevent Bxc8.} Bxd7 15. c5 Be6 16. O-O Rad8 17. Rfd1 1/2-1/2

[Event "SVK Extraliga 2017-18"]
[Site "Slovakia"]
[Date "2017.10.01"]
[Round "2"]
[White "Roubalik, Jakub"]
[Black "Druska, Juraj"]
[Result "1-0"]
[WhiteElo "2394"]
[BlackElo "2448"]
[Annotator "TA"]
[PlyCount "79"]
[EventDate "2017.09.30"]
[EventType "team-tourn"]
[EventCountry "SVK"]
[SourceTitle "playchess.com"]
[Source "ChessBase"]
[SourceQuality "1"]

{[%evp 9,79,9,11,12,19,0,0,0,0,0,0,0,10,-9,25,22,18,36,37,7,10,23,20,5,0,6,2,0,0,0,25,34,21,27,33,8,8,8,8,8,720,720,720,720,720,720,713,713,707,706,706,706,698,698,698,693,685,684,678,673,651,575,723,716,1003,984,1046,1028,1077,1069,5325,5322]} 1. d4 d6 2. c4 e5 3. d5 Be7 4. Nc3 {[%cal Bb1c3,Bc3e4,Be4g5,Bg5e6][%mdl 32]} Bg5 5. Nf3 Bxc1 6. Rxc1 {A41: 1 d4 d6: Tartakower System and Modern Defence} f5 7. e4 fxe4 8. Nxe4 {And now c5 would win.The position is equal.} Nf6 9. Bd3 $146 ({Predecessor:} 9. Nfd2 O-O 10. Bd3 Bf5 {½-½ (60) Flear,G (2455)-Cornette,M (2606) Espalion 2017}) 9... O-O 10. Qc2 Bf5 11. O-O a5 12. Neg5 Bxd3 13. Qxd3 {Black must now prevent Ne6.} Qd7 14. Nd2 Na6 15. Ne6 Rfe8 16. Ne4 Nxe4 17. Qxe4 b6 18. Ng5 g6 19. Rc3 {[%cal Bc1c3,Bc3f3,Bf3f6][%mdl 32]} Re7 20. Rf3 Rae8 21. Qh4 {Threatens to win with Ne4.} Nc5 22. Rf6 {Hoping for f4.} e4 23. Re1 $36 {[%mdl 2048] White has the initiative.} Qa4 24. Qh6 {White wants to play h4.} Nd3 $2 {[%mdl 8192] [#]} (24... Rb8 $11) 25. Ne6 $3 $18 {[%mdl 512] White is clearly winning.} Rxe6 26. dxe6 {[%cal Bd5e6,Be6e7][%mdl 32]} Nxe1 {[#]} 27. e7 $1 {[%mdl 512] Intending Rf8+ and mate.} Nf3+ (27... Rxe7 28. Qf8#) 28. gxf3 {[%mdl 4096] Endgame White wants to mate with Rf8+. KQR-KQR} Qd1+ 29. Kg2 {White threatens Rf8+ and mate.} exf3+ 30. Rxf3 Qxf3+ 31. Kxf3 Rxe7 {KQ-KR} 32. Qg5 Kf7 33. Qd5+ Kf8 34. Kg4 Re5 35. Qa8+ Kf7 36. f4 {[%cal Bf2f4,Bf4f5][%mdl 32]} Rh5 37. h4 Rc5 38. Qh8 h5+ 39. Kf3 Rc6 {[#]} 40. f5 $1 {Precision: White = 74%, Black = 56%.} 1-0

[Event "SVK Extraliga 2017-18"]
[Site "Slovakia"]
[Date "2017.10.01"]
[Round "2"]
[White "Rigo, Zsolt"]
[Black "Antal, Gergely"]
[Result "1/2-1/2"]
[WhiteElo "2391"]
[BlackElo "2529"]
[Annotator "TA"]
[PlyCount "57"]
[EventDate "2017.09.30"]
[EventType "team-tourn"]
[EventCountry "SVK"]
[SourceTitle "playchess.com"]
[Source "ChessBase"]
[SourceQuality "1"]

{[%evp 17,57,20,26,0,0,0,0,0,12,14,4,12,25,7,10,-7,0,-12,-18,-79,-29,-7,0,0,57,46,91,89,124,112,118,111,107,26,76,25,27,33,28,0,0,0]} 1. e4 c6 2. Nf3 d5 3. Nc3 Nf6 4. e5 Ne4 5. Ne2 Qb6 6. d4 {B11: Caro-Kann: Two Knights Variation} e6 7. Ng3 Nxg3 (7... c5 8. Bd3 Nc6 9. Nxe4 dxe4 10. Bxe4 cxd4 11. O-O Bd7 12. a3 h6 13. Re1 {1-0 (71) Short,N (2675)-Caruana,F (2827) Caleta 2017}) 8. hxg3 c5 9. c3 Nc6 {LiveBook: 3 Games} 10. a3 cxd4 $146 ({Predecessor:} 10... a5 11. Bd3 Be7 12. Rb1 Bd7 13. Be3 {1-0 (36) Karthikeyan,M (2530)-Batchelor,P (2365) Hastings 2016}) 11. cxd4 Na5 12. Bd3 Nb3 13. Rb1 Bd7 14. Be3 Be7 15. Bc2 Na5 $1 16. Ng5 Nc4 17. Bc1 h6 18. Qg4 (18. Kf1 $11) 18... Bxg5 19. Bxg5 Rc8 20. Bc1 Kf8 (20... Nxa3 $11 21. bxa3 Qxb1 22. Bxb1 Rxc1+ 23. Ke2 Rxh1 24. Qxg7 Bb5+ 25. Bd3 Bxd3+ 26. Kxd3 Rf8) 21. Qd1 $1 $14 Qa5+ 22. Kf1 $1 Bb5 23. Kg1 Qc7 {[#]} 24. Bd3 $1 Ba6 {[#]} 25. Bf4 (25. b4 $1 $16 {[%cal Rb4b5] Strongly threatening b5.} Bb5 26. a4) 25... Ke7 26. Qg4 (26. Be2 $16) 26... Kf8 $11 27. Kh2 Qb6 28. Bxc4 Rxc4 29. Be3 {Precision: White = 39%, Black = 54%.} 1/2-1/2

[Event "SVK Extraliga 2017-18"]
[Site "Slovakia"]
[Date "2017.10.01"]
[Round "2"]
[White "Pcola, Pavol"]
[Black "Sorkovsky, Miroslav"]
[Result "1-0"]
[WhiteElo "2374"]
[BlackElo "2180"]
[Annotator "NA"]
[PlyCount "129"]
[EventDate "2017.09.30"]
[EventType "team-tourn"]
[EventCountry "SVK"]
[SourceTitle "playchess.com"]
[Source "ChessBase"]
[SourceQuality "1"]
[TimeControl "40/5400+30:1800+30"]

1. c4 {[%emt 0:00:00]} e5 {[%emt 0:00:04]} 2. g3 {[%emt 0:00:00]} Nf6 {[%emt 0:00:09]} 3. Bg2 {[%emt 0:00:00]} h6 {[%emt 0:00:09]} 4. Nc3 {[%emt 0:00:27]} Bb4 {[%emt 0:00:11] A20: Englische Eröffnung} 5. e3 {[%emt 0:00:06]} (5. e4 d6 6. Nge2 Nc6 7. h3 Bc5 8. a3 a6 9. d3 Nd4 10. b4 Ba7 11. Be3 O-O 12. O-O {1-0 (41) Svidler,P (2751)-Erdos,V (2628) Tbilisi 2017}) 5... Bxc3 {[%emt 0:00:23]} 6. bxc3 {[%emt 0:00:17]} d6 {[%emt 0:05:04]} 7. Rb1 {[%emt 0:03:10]} Nbd7 $146 {[%emt 0:05:29]} ({Vorgänger:} 7... Nc6 8. d3 O-O 9. e4 Rb8 10. Ne2 Be6 11. f4 exf4 12. Nxf4 {1-0 (57) Baum,B (2303)-Middelhoff,C (2117) Germany 2012}) 8. e4 {[%emt 0:01:09]} O-O {[%emt 0:01:42]} 9. Ne2 {[%emt 0:00:19]} Nc5 {[%emt 0:06:30]} 10. d3 {[%emt 0:01:44]} Bd7 {[%emt 0:03:59]} 11. O-O {[%emt 0:01:53]} Ba4 {[%emt 0:10:52]} 12. Qd2 {[%emt 0:01:35]} Re8 {[%emt 0:11:37]} 13. h3 {[%emt 0:09:03]} Rb8 {[%emt 0:11:46]} 14. Ba3 {[%emt 0:11:56]} b6 {[%emt 0:01:57]} 15. f4 {[%emt 0:02:05]} Nfd7 {[%emt 0:11:07]} 16. Rf3 {[%emt 0:04:47]} Bc6 {[%emt 0:08:35]} 17. Re3 {[%emt 0:05:40]} Ba8 {[%emt 0:06:12]} 18. Kh2 {[%emt 0:03:46]} a6 {[%emt 0:00:46]} 19. g4 {[%emt 0:01:56]} Nf8 {[%emt 0:09:06]} 20. f5 {[%emt 0:01:35]} Qg5 {[%emt 0:00:53]} 21. Ng3 {[%emt 0:05:45]} Nfd7 {[%emt 0:01:43]} 22. Rf1 {[%emt 0:03:35]} b5 {[%emt 0:00:44]} 23. cxb5 $14 {[%emt 0:01:04]} Rxb5 {[%emt 0:00:14]} 24. Qf2 {[%emt 0:08:28]} Ra5 {[%emt 0:01:09]} 25. Bc1 {[%emt 0:01:35]} Qh4 {[%emt 0:00:46]} 26. Qe2 {[%emt 0:08:46]} Nf6 {[%emt 0:00:42]} 27. Nh5 {[%emt 0:00:54]} Nxh5 {[%emt 0:01:04]} 28. gxh5 {[%emt 0:00:07]} Qf6 {[%emt 0:00:46]} 29. Rg3 {[%emt 0:01:22]} Kh8 {[%emt 0:00:23]} 30. Bf3 {[%emt 0:05:13]} Bc6 {[%emt 0:00:18]} 31. Rfg1 {[%emt 0:02:03]} Rg8 {[%emt 0:00:17]} 32. Be3 {[%emt 0:03:31]} Rb5 {[%emt 0:00:07]} 33. R1g2 Na4 {[%emt 0:00:28]} 34. Bc1 {[%emt 0:07:29]} Rb1 {[%emt 0:01:23]} 35. Qc2 {[%emt 0:00:40]} Rbb8 {[%emt 0:00:10]} 36. Rg4 {[%emt 0:00:57]} Rb7 {[%emt 0:00:45]} 37. c4 {[%emt 0:02:39]} Rbb8 {[%emt 0:00:25]} 38. Bd1 {[%emt 0:00:20]} Nc5 {[%emt 0:00:46]} 39. Be3 {[%emt 0:00:29]} Na4 {[%emt 0:00:42]} 40. Qc1 {[%emt 0:00:26]} Nc5 {[%emt 0:30:33]} 41. Bc2 {[%emt 0:31:15]} Kh7 {[%emt 0:00:00]} 42. Qg1 {[%emt 0:00:00]} Nd7 {[%emt 0:00:00]} 43. Bf2 {[%emt 0:00:00]} Qe7 {[%emt 0:00:00]} 44. Rxg7+ {[%emt 0:00:00]} Rxg7 {[%emt 0:00:00]} 45. Rxg7+ {[%emt 0:00:00]} Kh8 {[%emt 0:00:00]} 46. Rg2 {[%emt 0:00:00]} Kh7 {[%emt 0:00:00]} 47. Be3 {[%emt 0:00:00]} Qf6 {[%emt 0:00:00]} 48. Bc1 {[%emt 0:00:00]} Ra8 {[%emt 0:02:50]} 49. Qe3 {[%emt 0:00:00]} Rg8 {[%emt 0:00:41]} 50. Rg6 {[%emt 0:01:09]} Rxg6 {[%emt 0:00:36]} 51. hxg6+ {[%emt 0:00:05]} fxg6 {[%emt 0:00:44]} 52. Qxh6+ {[%emt 0:00:11]} Kg8 {[%emt 0:00:13]} 53. Bg5 {[%emt 0:00:33]} Qg7 {[%emt 0:00:45]} 54. Qxg6 {[%emt 0:04:19]} Qxg6 {[%emt 0:00:21]} 55. fxg6 {[%emt 0:00:04]} Nf8 {[%emt 0:00:34]} 56. h4 {[%emt 0:00:23]} Nxg6 {[%emt 0:00:27]} 57. Bd8 {[%emt 0:00:05]} Kf7 {[%emt 0:00:37]} 58. Bxc7 {[%emt 0:00:33]} Nxh4 {[%emt 0:00:51]} 59. Kg3 {[%emt 0:00:46]} Ng6 {[%emt 0:00:09]} 60. Bxd6 {[%emt 0:00:05]} Ke6 {[%emt 0:00:16]} 61. Bb8 {[%emt 0:00:37]} Nf4 {[%emt 0:00:44]} 62. Kf3 {[%emt 0:00:17]} Ng6 {[%emt 0:00:31]} 63. Bd1 {[%emt 0:00:48]} Ne7 {[%emt 0:00:57]} 64. Ke3 {[%emt 0:00:44]} Be8 {[%emt 0:00:26]} 65. Bc7 {Kd5} 1-0

[Event "SVK Extraliga 2017-18"]
[Site "Slovakia"]
[Date "2017.10.01"]
[Round "2"]
[White "Farkas, Gabor"]
[Black "Vetoshko, Volodymyr"]
[Result "*"]
[WhiteElo "2372"]
[BlackElo "2534"]
[Annotator "TA"]
[PlyCount "26"]
[EventDate "2017.09.30"]
[EventType "team-tourn"]
[EventCountry "SVK"]
[SourceTitle "playchess.com"]
[Source "ChessBase"]
[SourceQuality "1"]

{[%evp 17,26,18,20,29,121,21,137,142,132,130,152]} 1. e4 c5 2. Nf3 e6 3. d4 cxd4 4. Nxd4 Nc6 5. Nc3 Qc7 6. Be3 a6 7. Qf3 {B48: Sicilian: Taimanov: 5 Nc3 Qc7 6 Be3 a6 without Be2} (7. a3 Nf6 8. f4 d6 9. Qf3 Nxd4 10. Bxd4 b5 11. Bd3 Bb7 12. Bxf6 gxf6 13. f5 Be7 14. O-O Qc5+ 15. Kh1 h5 16. fxe6 fxe6 17. a4 {1-0 (32) Grischuk,A (2783)-Cori Tello,J (2641) Tbilisi 2017}) 7... d6 8. O-O-O Bd7 9. Qg3 Rc8 {LiveBook: 3 Games} 10. f4 b5 {[#]} (10... Nf6 $11 {remains equal.}) 11. Bd3 ({White must play} 11. Bxb5 $1 $16 axb5 12. Ndxb5) 11... g6 $146 (11... Nf6 $11) ({Predecessor:} 11... Nf6 12. Rhe1 Nb4 13. Kb1 Nxd3 14. cxd3 Qb7 15. e5 {0-1 (32) Yurovskikh,Y (1922)-Kovalev,E (2339) Moscow 2016}) 12. Nxc6 $16 Bxc6 13. Bd4 f6 *

[Event "SVK Extraliga 2017-18"]
[Site "Slovakia"]
[Date "2017.10.01"]
[Round "2"]
[White "Meszaros, Michal"]
[Black "Spacek, Oliver"]
[Result "1/2-1/2"]
[WhiteElo "2362"]
[BlackElo "2250"]
[Annotator "NA"]
[PlyCount "54"]
[EventDate "2017.09.30"]
[EventType "team-tourn"]
[EventCountry "SVK"]
[SourceTitle "playchess.com"]
[Source "ChessBase"]
[SourceQuality "1"]
[TimeControl "40/5400+30:1800+30"]

1. e4 {[%emt 0:00:00]} c5 {[%emt 0:00:22]} 2. Nf3 {[%emt 0:00:00]} a6 {[%emt 0:00:25]} 3. Be2 {[%emt 0:01:43]} e6 {[%emt 0:00:30]} 4. d4 {[%emt 0:03:43]} cxd4 {[%emt 0:02:47]} 5. Nxd4 {[%emt 0:00:02]} Nf6 {[%emt 0:00:09]} 6. Nc3 {[%emt 0:00:20]} Bb4 {[%emt 0:04:33]} 7. Qd3 {[%emt 0:00:40]} d5 {[%emt 0:00:39]} 8. exd5 {[%emt 0:24:31]} Nxd5 {[%emt 0:30:59]} 9. Bd2 {[%emt 0:01:23]} Nxc3 {[%emt 0:05:54]} 10. Bxc3 {[%emt 0:03:43]} Qa5 {[%emt 0:02:21]} 11. Bd2 {[%emt 0:14:52]} Bxd2+ {[%emt 0:01:17]} 12. Qxd2 {[%emt 0:02:06]} Qxd2+ {[%emt 0:00:02]} 13. Kxd2 {[%emt 0:00:03]} Ke7 {[%emt 0:10:19]} 14. f4 {[%emt 0:11:25]} Bd7 {[%emt 0:17:04]} 15. Bf3 {[%emt 0:00:35]} Nc6 {[%emt 0:00:05]} 16. Nxc6+ {[%emt 0:02:02]} Bxc6 {[%emt 0:00:09]} 17. Bxc6 {[%emt 0:00:06]} bxc6 {[%emt 0:00:03]} 18. c4 {[%emt 0:08:49]} a5 {[%emt 0:06:46]} 19. Rhe1 {[%emt 0:03:42]} f6 {[%emt 0:03:49]} 20. Re3 {[%emt 0:01:35]} c5 {[%emt 0:00:15]} 21. Rae1 {[%emt 0:01:58]} Ra6 {[%emt 0:00:02]} 22. Kc2 {[%emt 0:13:13]} h6 {[%emt 0:05:04]} 23. h4 {[%emt 0:00:45]} Rb8 {[%emt 0:02:09]} 24. R1e2 {[%emt 0:00:40]} Rab6 {[%emt 0:03:47]} 25. Kc3 {[%emt 0:00:21]} Rd8 {[%emt 0:00:07]} 26. g3 {[%emt 0:00:48]} Rd1 {[%emt 0:00:38]} 27. Kc2 {[%emt 0:00:26]} Rd4 {[%emt 0:01:11]} 1/2-1/2

[Event "SVK Extraliga 2017-18"]
[Site "Slovakia"]
[Date "2017.10.01"]
[Round "2"]
[White "Zetocha, Claudiu"]
[Black "Bukhtin, Vladimir S"]
[Result "0-1"]
[WhiteElo "2348"]
[BlackElo "2425"]
[Annotator "TA"]
[PlyCount "68"]
[EventDate "2017.09.30"]
[EventType "team-tourn"]
[EventCountry "SVK"]
[SourceTitle "playchess.com"]
[Source "ChessBase"]
[SourceQuality "1"]

{[%evp 21,68,-2,0,0,12,0,18,18,28,22,40,34,37,25,35,31,77,64,64,20,20,20,14,25,43,44,51,41,43,39,53,25,41,8,58,35,29,33,31,22,22,23,34,-88,-105,-118,-95,-723,-725]} 1. e4 e6 2. d4 d5 3. exd5 exd5 4. Nf3 Bd6 5. c4 c6 6. Nc3 Nf6 7. Bd3 dxc4 {C01: French: Exchange Variation} (7... Qe7+ 8. Be3 dxc4 9. Bxc4 b5 10. Bb3 b4 11. Na4 Ng4 12. O-O Nxe3 13. fxe3 Qxe3+ 14. Kh1 O-O 15. Ne5 Bxe5 16. dxe5 {1-0 (25) Nikolenko,O (2503)-Bivol,A (2350) Moscow 2015}) 8. Bxc4 O-O 9. O-O Bg4 10. h3 Bh5 11. Bg5 Nbd7 {LiveBook: 5 Games} 12. Ne4 Be7 13. Ng3 Bg6 14. Re1 Nb6 15. Bb3 Nfd5 $146 16. Bxe7 Nxe7 17. h4 {[%cal Bh3h4,Bh4h5][%mdl 32] [#] h5 is the strong threat.} h6 $1 18. Ne5 Nd7 19. Nxg6 Nxg6 20. h5 Ne7 $1 21. Qf3 Nf6 22. Re5 Qd7 23. Rae1 Rae8 24. Bc2 Kh8 25. a3 b6 26. Qe2 {[%cal Re5e7]} Ned5 27. Nf5 Nf4 28. Qf3 (28. Qe3 $5 {[%cal Re3f4]} N4d5 29. Qf3 $14) 28... Ne6 29. Qg3 Rg8 30. Qh4 {Strongly threatening Nxh6!} Nd5 31. Bb3 Nef4 {And now ...Rxe5 would win.} 32. Qg3 {[#]} (32. Bxd5 $14 {keeps the upper hand.} Rxe5 33. Rxe5 Nxd5 34. Qe4) 32... Rxe5 $1 $17 33. Rxe5 f6 {[%cal Bf7f6,Bf6e5][%mdl 32]} ({Weaker is} 33... Nxh5 34. Qh4 $16) 34. Bxd5 $4 {[%mdl 8192]} (34. Rxd5 $17 Nxd5 35. Bc2) 34... fxe5 {Precision: White = 53%, Black = 51%.} ({Less strong is} 34... cxd5 35. Qxf4 fxe5 36. dxe5 $15) ({Not} 34... Nxd5 35. Nh4 $17) 0-1